| 000 | 00538cam a22001815a 4500 | ||
|---|---|---|---|
| 001 | L156579 | ||
| 008 | 120611s1986 xxk f 000 0 eng d | ||
| 035 | _a(Sirsi) u156579 | ||
| 041 | 0 | _aeng | |
| 110 | 2 |
_aIncorporated Society of Valuers and Auctioneers _91201 |
|
| 245 | 0 | 0 | _aCharter and bye-laws |
| 260 |
_a[London] _b[ISVA] _c[1986] |
||
| 300 |
_a27 p. _c34 cm. |
||
| 520 | _aSets out the Charter of Incorporation of the ISVA, and lists its bye-laws. | ||
| 651 | 4 |
_aGreat Britain _y1707- |
|
| 690 |
_aValuation _96273 |
||
| 942 | _n0 | ||
| 999 |
_c114299 _d114299 |
||